MARC

LEADER 00000nam0a2200000 4500
001 143363
005 20231031143214.0
010 |a 9781596930926 
035 |a (RuTPU)RU\TPU\book\155360 
090 |a 143363 
100 |a 20080918d2007 k y0engy50 ba 
101 0 |a eng 
102 |a US 
105 |a a z 001zy 
200 1 |a Statistical Multisource-Multitarget Information Fusion  |f R. P. S. Mahler 
210 |a Boston  |c Artech House  |d 2007 
215 |a 856 p.  |c il. 
320 |a References: p. 821-838. 
320 |a Index: p. 839-856. 
610 1 |a математика 
610 1 |a теория вероятностей 
610 1 |a математическая статистика 
610 1 |a статистические модели 
610 1 |a марковские цепи 
610 1 |a статистические методы 
610 1 |a английский язык 
675 |a 519.2  |v 3 
700 1 |a Mahler  |b R. P. S.  |g Ronald P. S. 
801 1 |a RU  |b 63413507  |c 20080918  |g PSBO 
801 2 |a RU  |b 63413507  |c 20081016  |g PSBO 
942 |c BK